000 00303nam a2200109 a 4500
005 20140408090030.0
008 021128s19uu xx 00 eng d
050 _aPHS '00
_bM81 #31
100 _aMori, Kathleen
245 _aThe Effects of stress on fourth year students and how they cope.
942 _cPASS
999 _c96404
_d96404